| 000 | 00448nam a22001577a 4500 | ||
|---|---|---|---|
| 003 | OSt | ||
| 005 | 20260430085741.0 | ||
| 008 | 260430b |||||||| |||| 00| 0 eng d | ||
| 020 | _a 978-0-07-128753-1 | ||
| 040 |
_aDWC-Main lib _cOC |
||
| 082 | _aCirc. 519.5 Ac189c 2009 | ||
| 100 | _aAczel, Amir D. | ||
| 245 |
_aComplete Business Statistics/ _cAmir D. Aczel |
||
| 260 |
_aNew York, _bMcGraw-Hill, _c c2009. |
||
| 942 |
_2ddc _cBK-CIRC _kCirc. _n0 |
||
| 999 |
_c10155 _d10155 |
||